Statistics for Dutch National Team

Click here to take the quiz!

General Stats

  • This quiz has been taken 42 times
  • The average score is 19 of 25

Answer Stats

ClubAnswer% Correct
PSVde Jong
100%
Barcalonade Jong
100%
Liverpoolvan Dijk
97%
Bayern Munichde Ligt
94%
Man. CityAke
88%
AjaxBerghuis
88%
BarcalonaDepay
88%
HeerenveenNoppert
85%
AjaxBergwijn
82%
Inter Milande Vrij
79%
Inter MilanDumfries
79%
AtalantaKoopmeiners
79%
Atalantade Roon
76%
Club BruggeLang
76%
Bayern LeverkusenFrimpong
73%
PSVGakpo
70%
AjaxTimber
70%
BesiktasWeghorst
70%
AjaxPasveer
67%
AjaxBlind
64%
FeyenoordBijlow
61%
Royal AntwerpJanssen
55%
PSVSimons
55%
AjaxKlaassen
42%
AjaxTaylor
39%

Score Distribution

Percentile by Number Answered

Percent of People with Each Score

Your Score History

You have not taken this quiz